00701 2200253 4500001002100000005001700021008004100038020001800079035002400097082001100121090002100132110005300153245004000206250001100246260003200257300001900289650005700308850001600365980001500381985000600396999001500402999001500417999001500432YOGYA-0209000004100420090227025725.0 ind  a979-3963-03-4 0010-020900000041004 a343.04 a343.04bInd UlR aINDONESIA. [Undang-undang perpajakan Tahun 2000] aUndang-undang perpajakan Tahun 2000 aCet. 8 aBandungbCrita Umbarac2006 a332 hlmc21 cm aPajak dan perpajakan - Undang-undang, Peraturan, dsb aYOPDYOG (B) a23-11-2007 a3 a07B0032578 a07B0032579 a07B0032580